000 00372nam a2200157Ia 4500
008 230917s9999||||xx |||||||||||||| ||und||
040 _e129176
_aMAIN
041 _aEnglish
082 _a342.7 A15H
100 _aAarwal, H O
245 0 _aHuman rights
250 _a10th ed.
260 _aAllahabad
_bCentral Law Agency
_c2007
300 _axxiv, 392 p.
942 _cBK
999 _c140315
_d140315